International Economics

Guardado en:
Detalles Bibliográficos
Autor principal: Husted, Stephen
Otros Autores: Melvin, Michael
Formato: Libro
Lenguaje:inglés
Publicado: New York Harper and Row 1990
Edición:1. ed.
Materias:
Etiquetas: Agregar Etiqueta
Sin Etiquetas, Sea el primero en etiquetar este registro!

MARC

LEADER 00000nam a2200000 4500
001 c009858
005 20221206122957.1
020 |a 0-06-043042-7 
041 0 |a eng 
044 |a US 
245 1 0 |a International Economics  |c Steven Husted, Michael Melvin 
250 |a 1. ed. 
264 1 |a New York  |b Harper and Row  |c 1990 
300 |a 522 s. 
610 2 0 |a ekonómia 
610 2 0 |a hospodárstvo svetové 
610 2 0 |a hospodárstvo národné 
610 2 0 |a spolupráca hospodárska medzinárodná 
610 2 0 |a rast hospodársky 
610 2 0 |a obchod medzinárodný 
610 2 0 |a kurz valutový 
610 2 0 |a sadzby úrokové 
100 1 |a Husted, Stephen 
700 1 |a Melvin, Michael